000 00520nam a2200145 a 4500
008 131001s2012 ||||||||||||||||| || u
020 _a9780755396337
050 _aPS 3557 .A7132 A46
100 _aGardner, Lisa
245 1 0 _aAlone
_cby Lisa Gardner
260 _aLondon:
_bHeadline Book Publishing
_c2012
300 _a403p.
650 _aENGLISH LANGUAGE
995 _FCBU-MAIN LIBRARY (Kitwe)
_M1
_UAVAILABLE
_WOct 31, 2013
_ZMain Library Open Access Collection
999 _c34098
_d34098